000 00511nam a22001932 4500
001 0000003377
005 20170406114955.0
008 140611s xx 000 0 eng d
020 _c$
040 _aYour Holding Symbol
_cYour Holding Symbol
100 1 _aJones Lloyd,Hugh.
245 1 0 _aAeschylus Orestea :
_bAgamemnon.
250 _a ed.
260 _alondon :
_bDuckworth,
_c1970.
300 _a107 p. ;
_c cm.
504 _abibliography.
650 0 _aphilology.
908 _a140611
999 _c3255
_d3255